[Event "4NCL Division 1 & 2"]
[Site "Daventry, ENG"]
[Date "2022.03.26"]
[Round "5.140"]
[White "Pein, Jonathan"]
[Black "Maycock Bates, David Henry"]
[Result "1-0"]
[WhiteElo "2229"]
[BlackElo "2182"]
[PlyCount "117"]
[EventDate "2022.03.26"]
[WhiteTeam "Celtic Tigers 1"]
[BlackTeam "Anglian Avengers"]

1. e4 e5 2. Nf3 Nc6 3. Nc3 Nf6 4. d4 exd4 5. Nxd4 Bb4 6. Nxc6 bxc6 7. Bd3 d5 8.
exd5 O-O 9. O-O Bg4 10. f3 Bh5 11. dxc6 Qd4+ 12. Kh1 Bxc3 13. bxc3 Qxc3 14. Rb1
Bg6 15. Rb3 Qxc6 16. Bb2 Rab8 17. Qa1 Rfd8 18. Rc1 Nh5 19. Be5 Qd7 20. Rxb8
Rxb8 21. Qc3 f6 22. Qxc7 Rb7 23. Qxd7 Rxd7 24. Bxg6 hxg6 25. Bb8 Rb7 26. Bd6
Rd7 27. Bc5 Nf4 28. g3 Ne2 29. Re1 Rc7 30. Bxa7 Nxg3+ 31. hxg3 Rxa7 32. Ra1 Rc7
33. a4 Rxc2 34. a5 Rc7 35. Kg2 Kf7 36. Kf2 Ke6 37. Ke3 Ra7 38. Kd4 Kd6 39. Kc4
Kc6 40. Kb4 Rb7+ 41. Kc4 Rb5 42. f4 Rc5+ 43. Kd4 Rd5+ 44. Ke4 f5+ 45. Ke3 Kb7
46. Rb1+ Ka6 47. Rb6+ Kxa5 48. Rxg6 Kb5 49. Rxg7 Kc6 50. Re7 Kd6 51. Re8 Ra5
52. Kf3 Rb5 53. Re3 Ra5 54. g4 fxg4+ 55. Kxg4 Ra8 56. Kg5 Kd7 57. Kh6 Rg8 58.
f5 Rh8+ 59. Kg7 1-0

[Event "4NCL Division 1 & 2"]
[Site "Daventry, ENG"]
[Date "2022.03.26"]
[Round "5.141"]
[White "Talsma, Paul"]
[Black "Stevenson, James"]
[Result "1-0"]
[WhiteElo "2159"]
[BlackElo "2096"]
[PlyCount "81"]
[EventDate "2022.03.26"]
[WhiteTeam "Anglian Avengers"]
[BlackTeam "Celtic Tigers 1"]

1. d4 Nf6 2. c4 e5 3. dxe5 Ng4 4. Bf4 Nc6 5. Nf3 Bb4+ 6. Nbd2 Qe7 7. e3 Ngxe5
8. Nxe5 Nxe5 9. Be2 O-O 10. O-O a5 11. a3 Bc5 12. Nb3 Bb6 13. c5 Ba7 14. Rc1 b6
15. Qd5 Nc6 16. Bxc7 Qf6 17. cxb6 Bb8 18. Qd2 Bxc7 19. bxc7 Qe5 20. Nd4 Qxc7
21. Nxc6 dxc6 22. Bf3 Bb7 23. Rc5 Rfd8 24. Qc3 Rd6 25. Rd1 Rxd1+ 26. Bxd1 h6
27. Bf3 Ra6 28. g3 Qb6 29. Re5 Ra8 30. Re7 Ba6 31. Qxc6 Rb8 32. Re8+ Kh7 33.
Rxb8 Qxb8 34. Qxa6 Qxb2 35. Qxa5 Qf6 36. Kg2 g6 37. Qa7 h5 38. h4 Qe6 39. a4
Kg7 40. Qb7 Qa2 41. Bd5 1-0

[Event "4NCL Division 1 & 2"]
[Site "Daventry, ENG"]
[Date "2022.03.26"]
[Round "5.142"]
[White "Myall, Ivan J"]
[Black "Macleod, Andrew"]
[Result "1-0"]
[WhiteElo "2020"]
[BlackElo "1626"]
[PlyCount "57"]
[EventDate "2022.03.26"]
[WhiteTeam "Anglian Avengers"]
[BlackTeam "Celtic Tigers 1"]

1. e4 e6 2. d4 d5 3. e5 c5 4. c3 Qb6 5. Nf3 Nc6 6. Bd3 Bd7 7. dxc5 Bxc5 8. O-O
a5 9. Qe2 Nge7 10. a4 Ng6 11. Na3 O-O 12. Nb5 Nce7 13. h4 Nf5 14. Bxf5 exf5 15.
h5 Ne7 16. Nbd4 Be6 17. h6 g6 18. Qe3 Nc6 19. Qf4 Qc7 20. Be3 Be7 21. Qg3 Rfe8
22. Nb5 Qd7 23. Bg5 Rf8 24. Rfe1 f6 25. exf6 Bxf6 26. Bxf6 Rxf6 27. Ne5 Qc8 28.
Nxc6 bxc6 29. Qe5 1-0